Top 50 current NBA players based on HOF probability - Statistics

General Stats
  • This quiz has been taken 1,050 times
    876 since last reset
  • The average score is 29 of 50
Answer Stats
Rank Probability Answer % Correct
1 100.00% Lebron James
100%
4 100.00% Stephen Curry
98%
2 100.00% Kevin Durant
97%
5 99.99% James Harden
93%
6 99.94% Russell Westbrook
92%
10 94.91% Giannis Antetokounmpo
91%
16 73.95% Nikola Jokic
91%
3 100.00% Chris Paul
88%
14 77.69% Kawhi Leonard
85%
19 70.21% Klay Thompson
85%
15 77.10% Draymond Green
83%
7 98.58% Anthony Davis
82%
12 93.45% Kyrie Irving
81%
46 0.37% Danny Green
78%
11 93.63% Paul George
78%
9 96.64% Damian Lillard
77%
29 6.74% Jayson Tatum
74%
37 1.08% Devin Booker
70%
18 72.98% Jimmy Butler
70%
21 42.81% Demar Derozan
69%
13 85.74% Kyle Lowry
64%
8 98.42% Carmelo Anthony
61%
27 10.80% Karl-Anthony Towns
59%
17 73.47% Kevin Love
57%
23 21.63% Rudy Gobert
57%
20 54.81% Blake Griffin
56%
38 0.87% Jrue Holiday
56%
34 1.73% Khris Middleton
56%
32 2.26% Bradley Beal
55%
28 10.52% Derrick Rose
53%
22 32.39% John Wall
52%
30 5.57% Donovan Mitchell
49%
26 12.23% Al Horford
47%
35 1.71% Deandre Jordan
43%
31 3.07% Domantas Sabonis
43%
41 0.67% Pascal Siakam
41%
49 0.27% Bam Adebayo
39%
47 0.30% Brook Lopez
38%
44 0.44% Julius Randle
37%
25 12.69% Andre Iguodala
36%
36 1.51% Demarcus Cousins
32%
24 15.10% Kemba Walker
32%
40 0.69% Mike Conley
32%
39 0.83% Nikola Vucevic
32%
33 1.91% Andre Drummond
30%
48 0.30% Fred VanVleet
27%
42 0.48% Udonis Haslem
20%
43 0.48% Victor Oladipo
18%
50 0.27% Gordon Hayward
16%
45 0.42% Goran Dragic
14%
No matching quizzes found
Score Distribution
Percent of People with Each Score
Percentile by Number Answered
Your Score History
You have not taken this quiz since the last reset